000 00618nam a2200253Ia 4500
008 160216s9999 xx 000 0 und d
020 _a0-323-01662-6
050 _aMAIN RT 71
050 _b.C37 2003
100 _aCastaldi, Patricia A.
245 _aBasic nursing :
245 _bessentials for practice /
245 _cPatricia A. Castaldi
250 _a5th Edition
260 _aSt. Louis, Missouri :
260 _bMosby.
260 _c2003
300 _a376 pages :
300 _bill. ;
300 _c28 cm.
650 _aNursing --
650 _aNursing.
650 _xStudy and teaching.
999 _c290877
_d290877